A tanulási motivációt és az idegennyelv-tanulási motivációt befolyásoló tényezők

Elmentve itt :
Bibliográfiai részletek
Szerző: Ujszászi Katinka
További közreműködők: Vígh Tibor (Témavezető)
Dokumentumtípus: Szakdolgozat
Megjelent: 2016
Tárgyszavak:
Online Access:http://diploma.bibl.u-szeged.hu/64265
LEADER 00739nta a2200169 i 4500
001 dipl64265
005 20170313111103.0
008 170313s2016 hu om 0|| zxx d
040 |a SZTE Diploma Repozitórium  |b hun 
041 |a zxx 
100 1 |a Ujszászi Katinka 
245 1 2 |a A tanulási motivációt és az idegennyelv-tanulási motivációt befolyásoló tényezők  |h [elektronikus dokumentum] /  |c Katinka Ujszászi 
246 1 0 |a The influencing factors of learning motivation and language learning motivation  |h [elektronikus dokumentum] 
260 |c 2016 
650 4 |a Bölcsészettudományok 
700 1 |a Vígh Tibor  |e ths 
856 4 0 |u http://diploma.bibl.u-szeged.hu/id/eprint/64265/1/2016_Ujsz%C3%A1szi_Katinka_UJKPACB_SZE_SZ.pdf  |z Dokumentum-elérés